Eritrea Country Quiz - Statistics

General Stats
  • This quiz has been taken 21,916 times
    21,834 since last reset
  • The average score is 11 of 16
Answer Stats
Hint Answer % Correct
Smallest country Eritrea borders Djibouti
95%
Country from which Eritrea became independent in 1993 Ethiopia
95%
Largest country Eritrea borders Sudan
94%
Asian country located just 38 km away Yemen
94%
Sea Eritrea borders Red Sea
93%
Peninsula Eritrea is part of {Horn} of Africa
91%
Country that controlled Eritrea between 1882–1936 Italy
87%
Most of the Christians in Eritrea belong to this branch of Christianity Oriental Orthodox
73%
Capital of Eritrea Asmara
67%
Nickname of that city, based on architecture from its colonial period The Little {Rome}
67%
Eritrean cuisine is often served on injera, which is a type of spongy ____ Bread
58%
Animal on Eritrea's national emblem Camel
41%
"Eritrea" is an ancient name for the above sea... in this language Greek
41%
Eritrea is the only African country whose political system is officially a ___-_____ state One-Party
34%
Most commonly-spoken language Tigrinya
29%
Ancient kingdom that covered most of the territory of Eritrea from 100–940 AD Aksum
23%
No matching quizzes found
Score Distribution
Percent of People with Each Score
Percentile by Number Answered
Your Score History
You have not taken this quiz since the last reset